000 00342nam a2200145Ia 4500
008 100415s9999 xx 000 0 und d
082 _b10526
_a595.7
100 _aBrian,M.V
245 _aSocial Insects
260 _aLONDON
_c1983
_bCHAPMAN & HALL
365 _b0
630 _aSocial Insects
730 _aSocial Insects
942 _cBOOK
999 _c593453
_d593450